<?xml version="1.0" encoding="UTF-8"?>
<record
    xmlns:xsi="http://www.w3.org/2001/XMLSchema-instance"
    xsi:schemaLocation="http://www.loc.gov/MARC21/slim http://www.loc.gov/standards/marcxml/schema/MARC21slim.xsd"
    xmlns="http://www.loc.gov/MARC21/slim">

  <leader>00513nam a22000977a 4500</leader>
  <controlfield tag="008">190410|           ||| | ||||||0| ||spa d</controlfield>
  <datafield tag="245" ind1=" " ind2=" ">
    <subfield code="a">Hueso Occipital</subfield>
  </datafield>
  <datafield tag="300" ind1=" " ind2=" ">
    <subfield code="e">Hueso Occipital</subfield>
  </datafield>
  <datafield tag="653" ind1=" " ind2=" ">
    <subfield code="a">Hueso impar, central, plano, sim&#xE9;trico y de forma irregularmente romboidal</subfield>
    <subfield code="a"> Colabora en la formaci&#xF3;n tanto de la base como de la b&#xF3;veda craneal</subfield>
    <subfield code="a"> Es c&#xF3;ncavo hacia arriba y adelante y convexo hacia abajo y atr&#xE1;s</subfield>
    <subfield code="a">Tiene una cara p&#xF3;steroinferior (exocraneal) y una &#xE1;nterosuperior (endocraneal)</subfield>
  </datafield>
  <datafield tag="942" ind1=" " ind2=" ">
    <subfield code="c">HUESOS</subfield>
    <subfield code="2">ddc</subfield>
  </datafield>
  <datafield tag="999" ind1=" " ind2=" ">
    <subfield code="c">3180</subfield>
    <subfield code="d">3180</subfield>
  </datafield>
  <datafield tag="952" ind1=" " ind2=" ">
    <subfield code="0">0</subfield>
    <subfield code="1">0</subfield>
    <subfield code="2">ddc</subfield>
    <subfield code="4">0</subfield>
    <subfield code="7">0</subfield>
    <subfield code="a">BFM</subfield>
    <subfield code="b">BFM</subfield>
    <subfield code="d">2023-08-14</subfield>
    <subfield code="e">Donaci&#xF3;n Agosto 2023</subfield>
    <subfield code="l">2</subfield>
    <subfield code="p">HOCC 134</subfield>
    <subfield code="r">2025-03-14</subfield>
    <subfield code="s">2025-03-14</subfield>
    <subfield code="t">Ej. 1</subfield>
    <subfield code="w">0000-00-00</subfield>
    <subfield code="y">HUESOS</subfield>
    <subfield code="z">Donaci&#xF3;n Agosto 2023</subfield>
    <subfield code="f"></subfield>
  </datafield>
</record>
